| 000 | 00329nam a2200109Ia 4500 | ||
|---|---|---|---|
| 008 | 200302s9999 xx 000 0 und d | ||
| 100 | _aDiane Stegmeier | ||
| 245 | _aInnovations in Office Design the Critical Influence Approach to Effective work Environments | ||
| 260 | _bJohn- Wiley & Sons, Inc., | ||
| 260 | _c2008 | ||
| 300 | _a246 | ||
| 999 |
_c3774 _d3774 |
||